<?xml version="1.0" encoding="UTF-8"?>
<record
    xmlns:xsi="http://www.w3.org/2001/XMLSchema-instance"
    xsi:schemaLocation="http://www.loc.gov/MARC21/slim http://www.loc.gov/standards/marcxml/schema/MARC21slim.xsd"
    xmlns="http://www.loc.gov/MARC21/slim">

  <leader>03751nam0a22005531  4500</leader>
  <controlfield tag="001">RU\NLR\A1\8207</controlfield>
  <controlfield tag="005">20260409064900.0</controlfield>
  <datafield tag="035" ind1=" " ind2=" ">
    <subfield code="a">(NLR Aleph) 009673350</subfield>
  </datafield>
  <datafield tag="090" ind1=" " ind2=" ">
    <subfield code="a">9671908</subfield>
    <subfield code="c">9671908</subfield>
  </datafield>
  <datafield tag="100" ind1=" " ind2=" ">
    <subfield code="a">19980825d1778    m  y0rusy50      ca</subfield>
  </datafield>
  <datafield tag="101" ind1="1" ind2=" ">
    <subfield code="a">rus</subfield>
    <subfield code="c">fre</subfield>
  </datafield>
  <datafield tag="102" ind1=" " ind2=" ">
    <subfield code="a">RU</subfield>
  </datafield>
  <datafield tag="135" ind1=" " ind2=" ">
    <subfield code="a">crcn 024anaba</subfield>
  </datafield>
  <datafield tag="140" ind1=" " ind2=" ">
    <subfield code="a">y   y            eayaa0000  </subfield>
  </datafield>
  <datafield tag="200" ind1="1" ind2=" ">
    <subfield code="a">&#x418;&#x442;&#x430;&#x43B;&#x438;&#x44F;&#x43D;&#x441;&#x43A;&#x43E;&#x439; &#x415;&#x437;&#x43E;&#x43F; &#x438;&#x43B;&#x438; &#x421;&#x430;&#x442;&#x438;&#x440;&#x438;&#x447;&#x435;&#x441;&#x43A;&#x43E;&#x435; &#x43F;&#x43E;&#x432;&#x435;&#x441;&#x442;&#x432;&#x43E;&#x432;&#x430;&#x43D;&#x438;&#x435; &#x43E; &#x411;&#x435;&#x440;&#x442;&#x43E;&#x43B;&#x434;&#x435;,</subfield>
    <subfield code="e">&#x441;&#x43E;&#x434;&#x435;&#x440;&#x436;&#x430;&#x449;&#x435;&#x435; &#x432; &#x441;&#x435;&#x431;&#x435; &#x443;&#x434;&#x438;&#x432;&#x438;&#x442;&#x435;&#x43B;&#x44C;&#x43D;&#x44B;&#x44F; &#x441; &#x43D;&#x438;&#x43C; &#x43F;&#x440;&#x438;&#x43A;&#x43B;&#x44E;&#x447;&#x435;&#x43D;&#x438;&#x44F;, &#x43E;&#x441;&#x442;&#x440;&#x43E;&#x443;&#x43C;&#x43D;&#x44B;&#x44F; &#x432;&#x44B;&#x434;&#x443;&#x43C;&#x43A;&#x438;, &#x445;&#x43E;&#x440;&#x43E;&#x448;&#x435;&#x435; &#x43F;&#x43E;&#x432;&#x435;&#x434;&#x435;&#x43D;&#x438;&#x435; &#x43F;&#x440;&#x438; &#x434;&#x432;&#x43E;&#x440;&#x435; &#x43A;&#x443;&#x43F;&#x43D;&#x43E; &#x441; &#x435;&#x433;&#x43E; &#x434;&#x443;&#x445;&#x43E;&#x432;&#x43D;&#x43E;&#x44E;.</subfield>
    <subfield code="e">&#x41F;&#x435;&#x440;&#x435;&#x432;&#x435;&#x434;&#x435;&#x43D;&#x430; &#x441; &#x444;&#x440;&#x430;&#x43D;&#x446;&#x443;&#x441;&#x43A;&#x430;&#x433;&#x43E;</subfield>
  </datafield>
  <datafield tag="210" ind1=" " ind2=" ">
    <subfield code="a">&#x412; &#x421;&#x430;&#x43D;&#x43A;&#x442;&#x43F;&#x435;&#x442;&#x435;&#x440;&#x431;&#x443;&#x440;&#x433;&#x435;</subfield>
    <subfield code="c">[&#x442;&#x438;&#x43F;. &#x410;&#x440;&#x442;. &#x438; &#x438;&#x43D;&#x436;. &#x43A;&#x430;&#x434;&#x435;&#x442;. &#x43A;&#x43E;&#x440;&#x43F;&#x443;&#x441;&#x430;]</subfield>
    <subfield code="d">1778</subfield>
  </datafield>
  <datafield tag="215" ind1=" " ind2=" ">
    <subfield code="a">177, [3] &#x441;.</subfield>
    <subfield code="d">8&#xB0;</subfield>
  </datafield>
  <datafield tag="300" ind1=" " ind2=" ">
    <subfield code="a">&#x410;&#x432;&#x442;. &#x443;&#x43A;&#x430;&#x437;&#x430;&#x43D; &#x432; &#x43F;&#x440;&#x435;&#x434;&#x438;&#x441;&#x43B;.</subfield>
  </datafield>
  <datafield tag="316" ind1=" " ind2=" ">
    <subfield code="a">&#x42D;&#x43A;&#x437;. &#x420;&#x41D;&#x411; (18.263.4.2) &#x432; &#x441;&#x43E;&#x441;&#x442;&#x430;&#x432;. &#x43A;&#x430;&#x440;&#x442;&#x43E;&#x43D;. &#x43F;&#x435;&#x440;., &#x43E;&#x431;&#x442;&#x44F;&#x43D;&#x443;&#x442;&#x43E;&#x43C; &#x43A;&#x440;&#x430;&#x43F;&#x447;&#x430;&#x442;&#x43E;&#x439; &#x431;&#x443;&#x43C;&#x430;&#x433;&#x43E;&#x439;, &#x441; &#x43A;&#x43E;&#x436;&#x430;&#x43D;&#x44B;&#x43C;&#x438; &#x43A;&#x43E;&#x440;&#x438;&#x447;&#x43D;&#x435;&#x432;&#x44B;&#x43C;&#x438; &#x43A;&#x43E;&#x440;&#x435;&#x448;&#x43A;&#x43E;&#x43C; &#x438; &#x443;&#x433;&#x43E;&#x43B;&#x43A;&#x430;&#x43C;&#x438;. &#x41D;&#x430; &#x43D;&#x438;&#x436;&#x43D;&#x435;&#x439; &#x43A;&#x440;&#x44B;&#x448;&#x43A;&#x435; &#x43F;&#x435;&#x440;. &#x44D;&#x43A;&#x441;&#x43B;&#x438;&#x431;&#x440;&#x438;&#x441; &#x440;&#x443;&#x441;. &#x444;&#x43E;&#x43D;&#x434;&#x430; &#x420;&#x41D;&#x411; &#x441; &#x448;&#x438;&#x444;&#x440;&#x43E;&#x43C;. &#x41A;&#x43E;&#x440;&#x435;&#x448;&#x43E;&#x43A; &#x441; 5-&#x44E; &#x431;&#x438;&#x43D;&#x442;&#x430;&#x43C;&#x438;, &#x441; &#x431;&#x43B;&#x438;&#x43D;&#x442;&#x43E;&#x432;&#x44B;&#x43C; &#x442;&#x438;&#x441;&#x43D;&#x435;&#x43D;&#x438;&#x435;&#x43C;. &#x41D;&#x430; &#x43A;&#x43E;&#x440;&#x435;&#x448;&#x43A;&#x435; &#x431;&#x443;&#x43C;&#x430;&#x436;. &#x43D;&#x430;&#x43A;&#x43B;&#x435;&#x439;&#x43A;&#x430; &#x441; &#x43F;&#x43E;&#x440;&#x44F;&#x434;&#x43A;&#x43E;&#x432;&#x44B;&#x43C; &#x43D;&#x43E;&#x43C;&#x435;&#x440;&#x43E;&#x43C; &#x43D;&#x438;&#x433;&#x438; &#x43D;&#x430; &#x43F;&#x43E;&#x43B;&#x43A;&#x435;: "2". &#x41D;&#x430; &#x444;&#x43E;&#x440;&#x437;&#x430;&#x446;&#x435; &#x44F;&#x440;&#x43B;&#x44B;&#x43A; &#x441; &#x448;&#x438;&#x444;&#x440;&#x43E;&#x43C; &#x420;&#x41D;&#x411;. &#x41D;&#x430; &#x441;.177 &#x43A;&#x440;&#x443;&#x433;&#x43B;&#x44B;&#x439; &#x448;&#x442;&#x430;&#x43C;&#x43F; &#x413;&#x41F;&#x411;. &#x42D;&#x43A;&#x437;. &#x420;&#x41D;&#x411; &#x434;&#x435;&#x444;.: &#x443;&#x442;&#x440;&#x430;&#x447;&#x435;&#x43D;&#x44B; &#x441;.[2-3]. &#x412;&#x43A;&#x43B;&#x435;&#x435;&#x43D; [1] &#x43B;. &#x438;&#x43B; (&#x444;&#x440;&#x43E;&#x43D;&#x442;.) &#x438;&#x437; &#x438;&#x437;&#x434;. 1782 &#x433;. (&#x41E;&#x444;&#x43E;&#x440;&#x442; &#x441; &#x43F;&#x43E;&#x434;&#x43F;&#x438;&#x441;&#x44C;&#x44E;: "&#x411;&#x435;&#x440;&#x442;&#x43E;&#x43B;&#x44C;&#x434;"). &#x420;&#x430;&#x437;&#x43C;&#x435;&#x440;: 19,0&#x445;12&#x445;1,5 &#x441;&#x43C;.</subfield>
    <subfield code="5">NLR: 18.263.4.2</subfield>
  </datafield>
  <datafield tag="321" ind1="1" ind2=" ">
    <subfield code="a">&#x421;&#x41A; XVIII 3322</subfield>
  </datafield>
  <datafield tag="321" ind1="0" ind2=" ">
    <subfield code="a">XVIII &#x432;. &#x421;&#x431;. 28. &#x421;. 309</subfield>
  </datafield>
  <datafield tag="325" ind1=" " ind2=" ">
    <subfield code="a">&#x41A;&#x43E;&#x43F;&#x438;&#x44F; &#x434;&#x43E;&#x441;&#x442;&#x443;&#x43F;&#x43D;&#x430; &#x432; &#x42D;&#x43B;&#x435;&#x43A;&#x442;&#x440;&#x43E;&#x43D;. &#x431;-&#x43A;&#x435; &#x420;&#x41D;&#x411;</subfield>
  </datafield>
  <datafield tag="327" ind1="0" ind2=" ">
    <subfield code="a">&#x41F;&#x440;&#x43E;&#x434;&#x430;&#x44E;&#x442;&#x441;&#x44F; &#x43A;&#x43D;&#x438;&#x433;&#x438;, &#x432; &#x410;&#x43A;&#x430;&#x434;&#x435;&#x43C;. &#x43B;&#x430;&#x432;&#x43A;&#x435; &#x43D;&#x430; &#x41D;&#x438;&#x43A;&#x43E;&#x43B;&#x44C;&#x441;&#x43A;&#x43E;&#x439; &#x443;&#x43B;&#x438;&#x446;&#x435;, &#x43D;&#x430; &#x421;&#x43F;&#x430;&#x441;&#x441;&#x43A;. &#x43C;&#x43E;&#x441;&#x442;&#x443; &#x438; &#x443; &#x43F;&#x435;&#x440;&#x435;&#x43F;&#x43B;. &#x41D;&#x438;&#x43A;&#x438;&#x442;&#x44B; &#x414;&#x43C;&#x438;&#x442;&#x440;&#x438;&#x435;&#x432;&#x430; &#x43D;&#x430; &#x41A;&#x443;&#x437;. &#x43C;&#x43E;[&#x441;&#x442;&#x443;] : [&#x41A;&#x43D;&#x438;&#x433;&#x43E;&#x43F;&#x440;&#x43E;&#x434;&#x430;&#x432;&#x447;&#x435;&#x441;&#x43A;&#x430;&#x44F; &#x440;&#x43E;&#x441;&#x43F;&#x438;&#x441;&#x44C;] (&#x421;.[2-3])</subfield>
  </datafield>
  <datafield tag="517" ind1="1" ind2=" ">
    <subfield code="a">&#x421;&#x430;&#x442;&#x438;&#x440;&#x438;&#x447;&#x435;&#x441;&#x43A;&#x43E;&#x435; &#x43F;&#x43E;&#x432;&#x435;&#x441;&#x442;&#x432;&#x43E;&#x432;&#x430;&#x43D;&#x438;&#x435; &#x43E; &#x411;&#x435;&#x440;&#x442;&#x43E;&#x43B;&#x434;&#x435;</subfield>
  </datafield>
  <datafield tag="518" ind1="1" ind2=" ">
    <subfield code="a">&#x418;&#x442;&#x430;&#x43B;&#x44C;&#x44F;&#x43D;&#x441;&#x43A;&#x438;&#x439; &#x42D;&#x437;&#x43E;&#x43F; &#x438;&#x43B;&#x438; &#x421;&#x430;&#x442;&#x438;&#x440;&#x438;&#x447;&#x435;&#x441;&#x43A;&#x43E;&#x435; &#x43F;&#x43E;&#x432;&#x435;&#x441;&#x442;&#x432;&#x43E;&#x432;&#x430;&#x43D;&#x438;&#x435; &#x43E; &#x411;&#x435;&#x440;&#x442;&#x43E;&#x43B;&#x434;&#x435;</subfield>
  </datafield>
  <datafield tag="620" ind1=" " ind2=" ">
    <subfield code="d">&#x421;&#x430;&#x43D;&#x43A;&#x442;-&#x41F;&#x435;&#x442;&#x435;&#x440;&#x431;&#x443;&#x440;&#x433;</subfield>
  </datafield>
  <datafield tag="700" ind1=" " ind2="1">
    <subfield code="4">070</subfield>
    <subfield code="8">rus</subfield>
    <subfield code="7">ca</subfield>
    <subfield code="a">&#x41A;&#x440;&#x43E;&#x447;&#x435;</subfield>
    <subfield code="b">&#x414;. &#x427;.</subfield>
    <subfield code="f">1550-1609</subfield>
    <subfield code="g">&#x414;&#x436;&#x443;&#x43B;&#x438;&#x43E; &#x427;&#x435;&#x437;&#x430;&#x440;&#x435;</subfield>
    <subfield code="3">RU\NLR\AUTH\77104033</subfield>
    <subfield code="9">86958</subfield>
  </datafield>
  <datafield tag="702" ind1=" " ind2="1">
    <subfield code="6">z02790</subfield>
    <subfield code="a">&#x412;&#x43E;&#x434;&#x43E;&#x43F;&#x44C;&#x44F;&#x43D;&#x43E;&#x432;</subfield>
    <subfield code="b">&#x41D;.&#x414;.</subfield>
    <subfield code="g">&#x41D;&#x438;&#x43A;&#x438;&#x442;&#x430; &#x414;&#x43C;&#x438;&#x442;&#x440;&#x438;&#x435;&#x432;&#x438;&#x447;</subfield>
    <subfield code="4">160</subfield>
  </datafield>
  <datafield tag="712" ind1="0" ind2="2">
    <subfield code="4">610</subfield>
    <subfield code="a">&#x410;&#x440;&#x442;&#x438;&#x43B;&#x43B;&#x435;&#x440;&#x438;&#x439;&#x441;&#x43A;&#x438;&#x439; &#x438; &#x438;&#x43D;&#x436;&#x435;&#x43D;&#x435;&#x440;&#x43D;&#x44B;&#x439; &#x448;&#x43B;&#x44F;&#x445;&#x435;&#x442;&#x43D;&#x44B;&#x439; &#x43A;&#x430;&#x434;&#x435;&#x442;&#x441;&#x43A;&#x438;&#x439; &#x43A;&#x43E;&#x440;&#x43F;&#x443;&#x441;</subfield>
    <subfield code="c">&#x41F;&#x435;&#x442;&#x435;&#x440;&#x431;&#x443;&#x440;&#x433;</subfield>
    <subfield code="b">&#x422;&#x438;&#x43F;&#x43E;&#x433;&#x440;&#x430;&#x444;&#x438;&#x44F;</subfield>
    <subfield code="3">RU\NLR\AUTH\880627560</subfield>
    <subfield code="9">2659928</subfield>
  </datafield>
  <datafield tag="790" ind1=" " ind2="1">
    <subfield code="6">z02702</subfield>
    <subfield code="a">&#x414;&#x43C;&#x438;&#x442;&#x440;&#x438;&#x435;&#x432;</subfield>
    <subfield code="b">&#x41D;.</subfield>
    <subfield code="g">&#x41D;&#x438;&#x43A;&#x438;&#x442;&#x430;</subfield>
  </datafield>
  <datafield tag="801" ind1=" " ind2="0">
    <subfield code="a">RU</subfield>
    <subfield code="b">NLR</subfield>
    <subfield code="c">19980825</subfield>
  </datafield>
  <datafield tag="852" ind1=" " ind2=" ">
    <subfield code="a">NLR</subfield>
    <subfield code="j">18.263.4.2</subfield>
  </datafield>
  <datafield tag="856" ind1=" " ind2="0">
    <subfield code="u">http://vivaldi.nlr.ru/bx000016906/view</subfield>
  </datafield>
  <datafield tag="856" ind1=" " ind2="1">
    <subfield code="u">http://vivaldi.nlr.ru/bx000016906/cover</subfield>
  </datafield>
  <datafield tag="856" ind1=" " ind2="2">
    <subfield code="u">http://vivaldi.nlr.ru/bx000016906/text</subfield>
  </datafield>
  <datafield tag="899" ind1=" " ind2=" ">
    <subfield code="a">&#x420;&#x413;&#x411;</subfield>
  </datafield>
  <datafield tag="899" ind1=" " ind2=" ">
    <subfield code="a">&#x411;&#x410;&#x41D;</subfield>
  </datafield>
  <datafield tag="899" ind1=" " ind2=" ">
    <subfield code="a">&#x413;&#x41F;&#x418;&#x411;</subfield>
  </datafield>
  <datafield tag="899" ind1=" " ind2=" ">
    <subfield code="a">&#x41A;&#x43E;&#x441;&#x442;&#x41E;&#x423;&#x41D;&#x411;</subfield>
  </datafield>
  <datafield tag="942" ind1=" " ind2=" ">
    <subfield code="c">BOOK</subfield>
  </datafield>
  <datafield tag="980" ind1=" " ind2=" ">
    <subfield code="a">NB</subfield>
  </datafield>
  <datafield tag="980" ind1="3" ind2=" ">
    <subfield code="a">kpcivil</subfield>
  </datafield>
  <datafield tag="980" ind1="3" ind2=" ">
    <subfield code="a">kp</subfield>
  </datafield>
  <datafield tag="980" ind1=" " ind2=" ">
    <subfield code="a">A1XVIIIv</subfield>
  </datafield>
  <datafield tag="981" ind1="2" ind2="0">
    <subfield code="a">(20) &#x41A;&#x43D;&#x438;&#x436;&#x43D;&#x44B;&#x435; &#x43F;&#x430;&#x43C;&#x44F;&#x442;&#x43D;&#x438;&#x43A;&#x438; &#x420;&#x41D;&#x411;</subfield>
    <subfield code="b">(20) &#x420;&#x443;&#x441;&#x441;&#x43A;&#x438;&#x439; &#x43A;&#x43D;&#x438;&#x436;&#x43D;&#x44B;&#x439; &#x444;&#x43E;&#x43D;&#x434;</subfield>
  </datafield>
  <datafield tag="995" ind1=" " ind2=" ">
    <subfield code="5">2016-05-13</subfield>
    <subfield code="b">NLR02</subfield>
    <subfield code="c">NLR02</subfield>
    <subfield code="e">RFS</subfield>
    <subfield code="f">9673350-10</subfield>
    <subfield code="k">18.263.4.2</subfield>
    <subfield code="o">0</subfield>
    <subfield code="r">BOOK</subfield>
    <subfield code="s">1826342_</subfield>
  </datafield>
</record>
